LEADER 01493nam2 2200301 450 001 000025477 005 20090429154608.0 100 $a20090429d2007----km-y0itay50------ba 101 0 $aita$aeng 102 $aIT 105 $aa-------001yy 200 1 $aProgetto per il monitoraggio degli acquiferi della bassa pianura friulana in provincia di Udine$d=Monitoring project of the aquifer system in the low Friuli plain (Udine district)$fdi Mari G. M. ... [et al.] 210 $aFirenze$cS.E.L.C.A.$d2007 215 $a85 p.$cill.$d30 cm$e12 c., 1 CD-ROM 225 2 $aMemorie descrittive della carta geologica d'Italia$vLXXV 300 $aIn testa al front.: APAT, Agenzia per la protezione dell'ambiente e per i servizi tecnici, Dipartimento difesa del suolo, Servizio geologico d'Italia 410 0$12001$aMemorie descrittive della carta geologica d'Italia$v75 461 0$1001000024391 500 10$aProgetto per il monitoraggio degli acquiferi della bassa pianura friulana in provincia di Udine$959466 510 1 $aMonitoring project of the aquifer system in the low Friuli plain (Udine district) 610 1 $aGEOIDROLOGIA$aUdine 676 $a551.49$v21$9ACQUE SOTTERRANEE 702 1$aGranati,$bCristina 801 0$aIT$bUNIPARTHENOPE$c20090429$gRICA$2UNIMARC 912 $a000025477 951 $aP1 551-P/9$b41373$cPIST$d2009 996 $aProgetto per il monitoraggio degli acquiferi della bassa pianura friulana in provincia di Udine$959466 997 $aUNIPARTHENOPE